000 00420nam a22001697a 4500
003 OSt
008 210223b ||||| |||| 00| 0 eng d
020 _a9789352139057
082 _a006.31 GEH
100 _aGERON,Aurelien
245 _aHands-On Machine Learning with Scikit-Learn, Keras, and TensorFlow
250 _a2nd
260 _aNew Delhi
_bSPD
_c2020
300 _a819
650 _aCSEAIML
942 _2ddc
_cBK
999 _c10481
_d10481